00534nam a2200193 a 4500001001300000003000900013005001700022008004100039020001000080082001600090100001800106245005400124260004000178300001000218500003500228505003700263650002200300700001800322nice12345678IN_TiNIC20260116013510.0050524s1983 newa grp 000 0 eng  ac25000a297.63bLIN aLings, Martin aMuhammadb His Life Based on the Earliest Sources aNew DelhibMillat Book Centrec1983 a359p. aincludes index and biblioraphy2 aguides to new testament exegesis aMuhammad, Prophet1 aLings, Martin